Los orígenes del subdesarrollo latinoamericano /

Guardado en:
Bibliografiske detaljer
Hovedforfatter: Robles de Salas, Osman Omar
Format: Texto
Tags: Tilføj Tag
Ingen Tags, Vær først til at tagge denne postø!

MARC

LEADER 00000 a a2200000 04500
001 48792
003
040
100 |a Robles de Salas, Osman Omar  
245 |a Los orígenes del subdesarrollo latinoamericano /  |c Osman Omar Robles de Salas  
773 |a número518, (2015), páginas 4-13  
999 |c 33164  |d 33164